Democracia: valores y principios
Guardat en:
| Autor principal: | |
|---|---|
| Format: | Llibre |
| Idioma: | espanyol |
| Publicat: |
San José
Libro Libre
1986
|
| Matèries: | |
| Etiquetes: |
Afegir etiqueta
Sense etiquetes, Sigues el primer a etiquetar aquest registre!
|
MARC
| LEADER | 00000cam a2200000 a 4500 | ||
|---|---|---|---|
| 001 | UCG9200 | ||
| 003 | CL-VaPUC | ||
| 008 | 120127e19860000CR |||||||||||||||||spa|d | ||
| 020 | |a 9977901236 | ||
| 082 | 0 | 4 | |a 320 |b VOL |2 21 |
| 100 | 0 | |a Volio Jiménez, Fernando |e author |9 560680 | |
| 245 | 1 | 0 | |a Democracia: valores y principios |
| 300 | |a 380 p | ||
| 942 | |c BK | ||
| 945 | |d 20120127 00:00:00 |a dcastane | ||
| 260 | |a San José |b Libro Libre |c 1986 | ||
| 650 | 0 | |a Democracia |9 255256 | |
| 650 | 0 | |a Ciencias Políticas |9 255201 | |
| 583 | |a last modification |c 20120127 09:50:00 |k Rodrigo Vera | ||
| 999 | |c 346766 |d 346764 | ||
| 952 | |0 0 |1 0 |4 0 |6 320_000000000000000_VOL_1986 |7 0 |8 P |9 447584 |a BIBEDU |b BIBEDU |c BIBEDU_PB |d 2019-11-22 |i 483836K |o 320 VOL 1986 |p 483836K |r 2024-01-25 |w 2019-11-22 |y BK |k EPE | ||